Pripravovaná novela zákona o dani z príjmov

Vláda Slovenskej republiky predložila do Národnej rady SR novelu zákona č. 595/2003 Z. z. o dani z príjmov v z. n. p. s účinnosťou od 1. januára 2015. Vybrané témy tejto pripravovanej novely.

Gespeichert in:
Bibliographische Detailangaben
1. Verfasser: Pastierik, Vladimír
Format: Buchkapitel
Sprache:Slowakisch
Schlagworte:
Tags: Tag hinzufügen
Keine Tags, Fügen Sie das erste Tag hinzu!

MARC

LEADER 00000naa a2200000 4500
001 0193371
005 20231208090642.3
041 0 |a slo 
044 |a SK 
245 1 0 |a Pripravovaná novela zákona o dani z príjmov  |c Vladimír Pastierik 
520 |a Vláda Slovenskej republiky predložila do Národnej rady SR novelu zákona č. 595/2003 Z. z. o dani z príjmov v z. n. p. s účinnosťou od 1. januára 2015. Vybrané témy tejto pripravovanej novely. 
610 2 0 |a dane z príjmov 
610 2 0 |a Slovensko 
610 2 0 |a novelizácia 
610 2 0 |a zákony 
100 1 |a Pastierik, Vladimír